| 000 | 00355nam a2200121 4500 | ||
|---|---|---|---|
| 999 |
_c11145 _d11145 |
||
| 008 | 181012b ||||| |||| 00| 0 eng d | ||
| 100 |
_932186 _aRevita, Juliet C. |
||
| 245 |
_aTraffic incidents down by 44.15%/ _cJuliet C. Revita |
||
| 260 |
_aDavao City _bSun Star Davao _cc2017 |
||
| 300 | _apage 2. | ||
| 650 | 0 |
_932187 _aTraffic safety. |
|
| 942 |
_2ddc _cPER |
||